[Event "Challenge"]
[Site "http://www.queenalice.com/game.php?id=499564"]
[Date "2008.11.28"]
[Round "-"]
[White "yclaudiu35"]
[Black "Claudio_C_A"]
[Result "1-0"]
[WhiteElo "1914"]
[BlackElo "1661"]

1. e4 e5 2. Nf3 Nf6 3. Bc4 Bd6 4. Ng5 Qe7 5. Nxf7 Rf8 6. Nxd6+ cxd6 7. d3 Nc6 8.
a3 Qd8 9. Bg5 Qa5+ 10. Nc3 Ne7 11. b4 Qb6 12. O-O Kd8 13. Qe2 Nc6 14. Bxf6+ gxf6
15. Nd5 Qd4 16. c3 Qxc4 17. dxc4 b6 18. Qh5 Bb7 19. Qxh7 Ba6 20. b5 Re8 21. bxa6
Re6 22. Qg8+ Re8 23. Qh7 Ne7 24. Nxf6 Rf8 25. Nd5 Nxd5 26. cxd5 Kc7 27. h3 Rh8
28. Qg6 Rad8 29. Qg4 Rhf8 30. Qe2 Rh8 31. Qc4+ Kb8 32. Qb4 Rh6 33. Rab1 Rg8 34.
c4 Rxh3 35. Qxd6+ Ka8 36. Qxd7 Rb8 37. Qc6+ Rb7 38. Qxb7# 1-0

[Event "ChessAddicts"]
[Site "http://www.queenalice.com/game.php?id=499571"]
[Date "2008.11.28"]
[Round "1"]
[White "Claudio_C_A"]
[Black "charles31"]
[Result "0-1"]
[WhiteElo "1587"]
[BlackElo "1704"]

1. e4 e5 2. Nf3 d6 3. Bb5+ Bd7 4. Bc4 h6 5. O-O Nf6 6. d3 a6 7. h3 Nc6 8. c3 Qe7
9. Nbd2 Na5 10. Re1 g5 11. Rb1 g4 12. hxg4 Nxg4 13. Nf1 h5 14. a3 Rg8 15. Bg5
Rxg5 0-1

[Event "neofito"]
[Site "http://www.queenalice.com/game.php?id=500813"]
[Date "2008.12.1"]
[Round "2"]
[White "neofito"]
[Black "Claudio_C_A"]
[Result "1-0"]
[WhiteElo "1764"]
[BlackElo "1478"]

1. e4 e5 2. Nf3 f6 3. d4 d6 4. Bc4 Ne7 5. d5 a6 6. O-O g5 7. Nc3 Bg7 8. g3 Bh3
9. Re1 O-O 10. a3 g4 11. Nd2 1-0

[Event "Challenge"]
[Site "http://www.queenalice.com/game.php?id=502739"]
[Date "2008.12.4"]
[Round "-"]
[White "Dream_Attack"]
[Black "Claudio_C_A"]
[Result "1-0"]
[WhiteElo "1432"]
[BlackElo "1497"]

1. e4 c5 2. Nf3 e6 3. e5 Nc6 4. c3 d6 5. d4 cxd4 6. cxd4 Bd7 7. Be2 Qa5+ 8. Bd2
Qc7 9. O-O O-O-O 10. b4 dxe5 11. dxe5 Nxe5 12. Nd4 Kb8 13. b5 Qc5 14. Bf4 Bd6
15. a4 Nf3+ 16. Bxf3 Bxf4 17. g3 Bc1 18. Nb3 Qe5 19. Qxc1 Nf6 20. Re1 Qf5 21.
N1d2 Rc8 22. Qd1 h5 23. h4 Nd5 24. Nd4 Qh7 25. a5 Nc3 26. Qb3 Rhd8 27. a6 b6 28.
Bb7 Rc7 29. N2f3 Ne4 30. Bxe4 Qh6 31. Ng5 Qf6 32. Ndf3 g6 33. Nh7 Qg7 34. Nhg5
Re8 35. Bd3 Rc3 36. Qb2 Rec8 37. Rac1 Qf8 38. Rxc3 Qg7 39. Rec1 e5 40. Qb4 Qf6
41. Rxc8+ Bxc8 42. Be4 Qd8 43. Nxf7 1-0

[Event "Challenge"]
[Site "http://www.queenalice.com/game.php?id=506602"]
[Date "2008.12.12"]
[Round "-"]
[White "Saintsalles"]
[Black "Claudio_C_A"]
[Result "1-0"]
[WhiteElo "1725"]
[BlackElo "1536"]

1. e4 e5 2. Nf3 Bd6 3. d4 f6 4. dxe5 Bb4+ 5. c3 Be7 6. Bc4 c6 7. Bxg8 Rxg8 8.
exf6 gxf6 9. O-O d6 10. Kh1 Na6 11. Nh4 Rg4 12. Nf5 h5 13. f3 Rg6 14. Nh4 Rg8
15. Qb3 d5 16. Nf5 Nc5 17. Qd1 Bf8 18. Bh6 Bxh6 19. Nxh6 1-0

[Event "Challenge"]
[Site "http://www.queenalice.com/game.php?id=506606"]
[Date "2008.12.12"]
[Round "-"]
[White "Football_rules"]
[Black "Claudio_C_A"]
[Result "1-0"]
[WhiteElo "1611"]
[BlackElo "1430"]

1. e4 e5 2. d3 Nf6 3. h3 Be7 4. c3 O-O 5. Be3 c6 6. Nd2 d5 7. Be2 dxe4 8. dxe4
Qc7 9. Ngf3 h6 10. g4 Bd6 11. Nh4 Be6 12. Bd3 Be7 13. Nf5 Bd8 14. Qf3 Nbd7 15.
h4 Re8 16. g5 1-0

[Event "Challenge"]
[Site "http://www.queenalice.com/game.php?id=506610"]
[Date "2008.12.12"]
[Round "-"]
[White "Barbudo"]
[Black "Claudio_C_A"]
[Result "0-1"]
[WhiteElo "1621"]
[BlackElo "1662"]

1. e4 e5 2. Nf3 f6 3. Nc3 c6 4. Bc4 Ne7 5. d3 Ng6 6. h3 Nf4 7. Bxf4 exf4 8. Ne2
Qb6 9. b3 Be7 10. Nxf4 Bb4+ 11. Nd2 Qc7 12. Nh5 d6 13. a3 Ba5 14. b4 Bb6 15. O-O
Qe7 16. Nf3 Nd7 17. c3 Ne5 18. Nxe5 fxe5 19. a4 a5 20. b5 Qg5 21. Ng3 Qxg3 22.
Qb3 Bxh3 23. Bf7+ Kd8 0-1

[Event "Challenge"]
[Site "http://www.queenalice.com/game.php?id=506612"]
[Date "2008.12.12"]
[Round "-"]
[White "Claudio_C_A"]
[Black "cesargarcia"]
[Result "0-1"]
[WhiteElo "1676"]
[BlackElo "1232"]

1. g3 e5 2. Nh3 Nc6 3. Bg2 Bc5 4. O-O Nf6 5. e3 O-O 6. c3 d5 7. b4 Bd6 8. Na3
Bf5 9. Ng5 h6 10. Nf3 Bd3 11. Re1 a6 12. Nh4 Qd7 13. h3 e4 14. f3 Bxg3 15. Nc2
Bxc2 16. Qe2 Bd3 17. Qd1 Bxh4 18. Bb2 Bxe1 19. Qxe1 exf3 20. Bxf3 Qxh3 21. Qf2
Ne5 22. Bg2 Qh5 23. Re1 Ne4 24. Qf4 Nxd2 25. Kf2 Be4 26. Rh1 Nd3+ 27. Kg1 Qe2
28. Qg3 Bxg2 29. Qxg2 Nf3+ 30. Qxf3 Qxf3 31. Ba3 Qf2# 0-1

[Event "Challenge"]
[Site "http://www.queenalice.com/game.php?id=506614"]
[Date "2008.12.12"]
[Round "-"]
[White "ReidoBaralho"]
[Black "Claudio_C_A"]
[Result "0-1"]
[WhiteElo "1592"]
[BlackElo "1648"]

1. e4 g6 2. e5 e6 3. d4 Bg7 4. Nf3 Ne7 5. Bg5 O-O 6. Bxe7 Qxe7 7. c4 Nc6 8. c5
d6 9. Nc3 dxc5 10. d5 Rd8 11. Bb5 Na5 12. Qa4 b6 13. O-O exd5 14. Ne2 Bxe5 15.
Bd3 Bg7 16. Qf4 c4 17. Bc2 Qxe2 18. Ng5 Qxc2 19. Qxf7+ Kh8 20. Qe7 Ba6 21. Nf7+
Kg8 22. Nxd8 Rxd8 23. Qxd8+ Kf7 24. Qxc7+ Kg8 25. Rae1 c3 26. Qd8+ Bf8 27. Qxd5+
Kg7 28. Rc1 Qxb2 29. Rfe1 Kh8 30. Qe5+ Kg8 31. Qe6+ Kh8 32. Qf7 Qa3 33. Re8
Qxc1+ 34. Re1 Qxe1# 0-1

[Event "Challenge"]
[Site "http://www.queenalice.com/game.php?id=506619"]
[Date "2008.12.12"]
[Round "-"]
[White "manoelconstante"]
[Black "Claudio_C_A"]
[Result "1-0"]
[WhiteElo "1563"]
[BlackElo "1605"]

1. e3 e5 2. Bc4 Nc6 3. Qh5 Nh6 4. d3 g6 5. Qe2 Bb4+ 6. c3 Be7 7. g3 d6 8. h4 O-O
9. Nh3 Bg4 10. f3 Bd7 11. g4 Qc8 12. g5 1-0

[Event "Challenge"]
[Site "http://www.queenalice.com/game.php?id=507175"]
[Date "2008.12.13"]
[Round "-"]
[White "Claudio_C_A"]
[Black "Rosberg"]
[Result "0-1"]
[WhiteElo "1628"]
[BlackElo "2195"]

1. d4 d5 2. g3 Nf6 3. Bg2 c6 4. Nc3 Qa5 5. Bd2 Qb6 6. Nf3 Qxb2 7. Ne5 h5 8. O-O
h4 9. Rb1 Qa3 10. Rb3 Qa6 11. Nf3 hxg3 12. fxg3 e6 13. Ng5 Qc4 0-1